The self-determination of peoples : community, nation, and state in an interdependent world ;
Đã lưu trong:
| Định dạng: | Sách |
|---|---|
| Được phát hành: |
Rienner
2001
|
| Các nhãn: |
Thêm thẻ
Không có thẻ, Là người đầu tiên thẻ bản ghi này!
|
| Thư viện lưu trữ: | Mạng thư viện Đại học Đà Nẵng |
|---|
| LEADER | 00636nam a2200217 a 4500 | ||
|---|---|---|---|
| 001 | 000029174 | ||
| 003 | 17656 | ||
| 005 | 20171030145630.0 | ||
| 008 | 171030s2001 | ||
| 040 | |a LTT | ||
| 082 | 0 | |a 320.15 |b Se-D | |
| 245 | 0 | 0 | |a The self-determination of peoples : community, nation, and state in an interdependent world ; |c Wolfgang Danspeckgruber, editor ; foreword by Prince Hans Adam II of Liechtenstein. |
| 260 | |b Rienner |c 2001 | ||
| 500 | |a ASIA | ||
| OWN | |a LTT | ||
| 999 | |a From the UDN01 | ||
| TYP | |a Monograph | ||
| TYP | |a Printed language | ||
| 980 | |a Mạng thư viện Đại học Đà Nẵng | ||